Statistics for Flower Baby Names

Click here to take the quiz!

General Stats

  • This quiz has been taken 1,513 times
  • The average score is 10 of 32

Answer Stats

Flowery Girl Names% Correct
Rose
98%
Daisy
87%
Lily
86%
Violet
61%
Iris
55%
Poppy
54%
Petunia
41%
Marigold
39%
Jasmine
38%
Dahlia
34%
Daffodil
32%
Lavender
32%
Pansy
32%
Holly
29%
Hyacinth
29%
Lilac
28%
Peony
23%
Aster
21%
Orchid
19%
Azalea
18%
Zinnia
17%
Magnolia
16%
Lotus
12%
Clover
11%
Camelia
10%
Amaryllis
9%
Gardenia
8%
Calla
7%
Posey
5%
Saffron
5%
Acacia
4%
Oleander
2%

Score Distribution

Percentile by Number Answered

Percent of People with Each Score

Your Score History

You have not taken this quiz